[Event "Titled Tuesday intern op 24th Oct Early"]
[Site "Chess.com INT"]
[Date "2023.10.24"]
[Round "3"]
[White "Andreev, Konstantin1"]
[Black "Saurabh, Kherdekar"]
[Result "1-0"]
[WhiteElo "2284"]
[BlackElo "2064"]
[PlyCount "85"]
[EventDate "2023.10.24"]
[EventType "swiss (blitz)"]
[EventRounds "11"]
[EventCountry "USA"]
[SourceTitle "EXT 2025"]
[Source "ChessBase"]
[SourceDate "2024.10.14"]
[SourceVersion "1"]
[SourceVersionDate "2024.10.14"]
[SourceQuality "1"]

1. e4 c5 2. Nf3 Nc6 3. Nc3 Nf6 4. d4 cxd4 5. Nxd4 e5 6. Ndb5 d6 7. Bg5 a6 8. Na3 b5 9. Bxf6 gxf6 10. Nd5 Bg7 11. Bd3 Ne7 12. Nxe7 Qxe7 13. 0-0 f5 14. c4 Bb7 15. cxb5 fxe4 16. bxa6 exd3 17. axb7 Qxb7 18. Qxd3 d5 19. Nb5 0-0 20. a4 e4 21. Qb3 d4 22. Nxd4 Qxb3 23. Nxb3 Bxb2 24. Ra2 Be5 25. Nc5 Rfc8 26. Nxe4 Rc4 27. Ng5 Rcxa4 28. Re2 Bf6 29. Ne4 Bd4 30. g3 Ra1 31. Rxa1 Rxa1+ 32. Kg2 Kg7 33. Nd6 Bf6 34. Kf3 Ra3+ 35. Kf4 Ra4+ 36. Kf5 Ra5+ 37. Kg4 h5+ 38. Kf3 Kg6 39. Ne4 Bd4 40. Kg2 Rb5 41. Rd2 Be5 42. f4 Rb2 43. fxe5 1-0

[Event "Titled Tuesday intern op 24th Oct Early"]
[Site "Chess.com INT"]
[Date "2023.10.24"]
[Round "2"]
[White "Cadena Montoya, Gustavo Adolfo"]
[Black "Saurabh, Kherdekar"]
[Result "1-0"]
[WhiteElo "2195"]
[BlackElo "2064"]
[PlyCount "47"]
[EventDate "2023.10.24"]
[EventType "swiss (blitz)"]
[EventRounds "11"]
[EventCountry "USA"]
[SourceTitle "EXT 2025"]
[Source "ChessBase"]
[SourceDate "2024.10.14"]
[SourceVersion "1"]
[SourceVersionDate "2024.10.14"]
[SourceQuality "1"]

1. e4 c5 2. d4 cxd4 3. c3 dxc3 4. Bc4 Nc6 5. Nf3 d6 6. 0-0 Nf6 7. Nxc3 Bg4 8. Qb3 e6 9. Qxb7 Rc8 10. Bb5 Qd7 11. Qa6 Bxf3 12. gxf3 Be7 13. Rd1 0-0 14. Bf4 Qc7 15. Rac1 e5 16. Nd5 Nxd5 17. exd5 exf4 18. Rxc6 Qd7 19. Rdc1 Rxc6 20. dxc6 Qc7 21. Qb7 Rc8 22. Ba6 Qxb7 23. cxb7 Rxc1+ 24. Kg2 1-0

[Event "Titled Tuesday intern op 24th Oct Early"]
[Site "Chess.com INT"]
[Date "2023.10.24"]
[Round "7"]
[White "Pinto, Daniel"]
[Black "Saurabh, Kherdekar"]
[Result "0-1"]
[WhiteElo "2250"]
[BlackElo "2064"]
[PlyCount "64"]
[EventDate "2023.10.24"]
[EventType "swiss (blitz)"]
[EventRounds "11"]
[EventCountry "USA"]
[SourceTitle "EXT 2025"]
[Source "ChessBase"]
[SourceDate "2024.10.14"]
[SourceVersion "1"]
[SourceVersionDate "2024.10.14"]
[SourceQuality "1"]

1. e4 c5 2. Nf3 Nc6 3. Bb5 g6 4. 0-0 Bg7 5. Re1 Nf6 6. e5 Nd5 7. Nc3 Nc7 8. Bxc6 dxc6 9. h3 0-0 10. d3 Ne6 11. Ne4 b6 12. Neg5 h6 13. Ne4 Nd4 14. Nxd4 cxd4 15. f4 c5 16. a4 f5 17. Nd2 Bb7 18. b3 a6 19. Nf3 e6 20. Qe2 Qd5 21. Bd2 Rf7 22. Qf2 Bf8 23. Kh2 Rg7 24. Rg1 Be7 25. g4 Qxf3 26. Qxf3 Bxf3 27. g5 hxg5 28. fxg5 Kf7 29. Kg3 Bd5 30. h4 Rh7 31. Be1 Rah8 32. Kh3 Rh5 0-1

[Event "Titled Tuesday intern op 24th Oct Early"]
[Site "Chess.com INT"]
[Date "2023.10.24"]
[Round "9"]
[White "Saravana, Krishnan P"]
[Black "Saurabh, Kherdekar"]
[Result "1-0"]
[WhiteElo "2269"]
[BlackElo "2064"]
[PlyCount "63"]
[EventDate "2023.10.24"]
[EventType "swiss (blitz)"]
[EventRounds "11"]
[EventCountry "USA"]
[SourceTitle "EXT 2025"]
[Source "ChessBase"]
[SourceDate "2024.10.14"]
[SourceVersion "1"]
[SourceVersionDate "2024.10.14"]
[SourceQuality "1"]

1. e4 e5 2. Nf3 Nc6 3. Bb5 a6 4. Ba4 Nf6 5. d3 Be7 6. 0-0 d6 7. Re1 b5 8. Bb3 0-0 9. c3 Nb8 10. Nbd2 Nbd7 11. Nf1 h6 12. Ng3 Re8 13. Nh4 Bb7 14. Nhf5 Bf8 15. Qf3 Nc5 16. Bc2 d5 17. b4 dxe4 18. dxe4 Ne6 19. Rd1 Bd6 20. h4 Nf4 21. Nxd6 cxd6 22. Bxf4 exf4 23. Qxf4 Qe7 24. Nf5 Qe5 25. Qxe5 Rxe5 26. Nxd6 Bc6 27. Bb3 Nxe4 28. Nxf7 Rh5 29. Ne5+ Kh7 30. Nxc6 Rxh4 31. Rd4 g5 32. Bc2 1-0

[Event "Titled Tuesday intern op 24th Oct Early"]
[Site "Chess.com INT"]
[Date "2023.10.24"]
[Round "8"]
[White "Saurabh, Kherdekar"]
[Black "Kochiev, Ivan"]
[Result "1-0"]
[WhiteElo "2064"]
[BlackElo "2053"]
[PlyCount "161"]
[EventDate "2023.10.24"]
[EventType "swiss (blitz)"]
[EventRounds "11"]
[EventCountry "USA"]
[SourceTitle "EXT 2025"]
[Source "ChessBase"]
[SourceDate "2024.10.14"]
[SourceVersion "1"]
[SourceVersionDate "2024.10.14"]
[SourceQuality "1"]

1. d4 Nf6 2. Bf4 e6 3. Nd2 d5 4. e3 c5 5. c3 Bd6 6. Bg3 Qc7 7. Ngf3 Nbd7 8. Bd3 0-0 9. Qe2 e5 10. dxe5 Nxe5 11. Nxe5 Bxe5 12. Bxe5 Qxe5 13. Nf3 Qe6 14. h3 h6 15. 0-0 b6 16. Rad1 Bb7 17. Ba6 Bc6 18. Bb5 Bb7 19. Ba6 Bc6 20. Bb5 Rac8 21. Bxc6 Rxc6 22. Rfe1 Rd8 23. a4 Ne4 24. Nd2 Nd6 25. Ra1 Nc4 26. Nxc4 dxc4 27. Red1 Rcd6 28. Rxd6 Rxd6 29. Rd1 Rxd1+ 30. Qxd1 Qe4 31. a5 Qd3 32. Qa1 b5 33. a6 b4 34. Kh2 g6 35. Qa5 Qd6+ 36. g3 Kh7 37. Qb5 bxc3 38. bxc3 Qf6 39. Qxc4 Qxf2+ 40. Kh1 Qf6 41. Qxc5 Qxa6 42. Qd4 Qf1+ 43. Kh2 Qf2+ 44. Kh1 Qxg3 45. Qxa7 Qxh3+ 46. Kg1 Qg3+ 47. Kh1 Qf3+ 48. Kg1 h5 49. c4 h4 50. Qd4 h3 51. Qh4+ Kg7 52. Qd4+ f6 53. Qd7+ Kh6 54. Qd2 g5 55. c5 Qc6 56. Qc2 g4 57. e4 g3 58. Qd2+ Kh5 59. Qe3 Kg4 60. Qe2+ Kh4 61. Qe3 Qc7 62. e5 Qxe5 63. Qxe5 fxe5 64. c6 Kg4 65. c7 Kf3 66. c8Q h2+ 67. Kh1 e4 68. Qf5+ Ke3 69. Qg5+ Kf3 70. Qf5+ Ke3 71. Kg2 Kd3 72. Qg5 e3 73. Qxg3 Kd2 74. Qd6+ Ke1 75. Kxh2 e2 76. Qg3+ Kd1 77. Qd3+ Ke1 78. Kg3 Kf1 79. Qf3+ Kg1 80. Qxe2 Kh1 81. Qh2# 1-0

[Event "Titled Tuesday intern op 24th Oct Early"]
[Site "Chess.com INT"]
[Date "2023.10.24"]
[Round "4"]
[White "Saurabh, Kherdekar"]
[Black "Subramanian, Anusha"]
[Result "1-0"]
[WhiteElo "2064"]
[BlackElo "2002"]
[PlyCount "65"]
[EventDate "2023.10.24"]
[EventType "swiss (blitz)"]
[EventRounds "11"]
[EventCountry "USA"]
[SourceTitle "EXT 2025"]
[Source "ChessBase"]
[SourceDate "2024.10.14"]
[SourceVersion "1"]
[SourceVersionDate "2024.10.14"]
[SourceQuality "1"]

1. d4 d5 2. Bf4 Nf6 3. e3 c5 4. Nf3 Nc6 5. Nbd2 Bf5 6. dxc5 e6 7. Nd4 Bg4 8. f3 Bh5 9. Bb5 Rc8 10. b4 Nd7 11. Nxc6 bxc6 12. Ba6 Rb8 13. Bxb8 Qxb8 14. a3 Qe5 15. 0-0 Qxe3+ 16. Kh1 Be7 17. Re1 Qf4 18. c4 Bf6 19. cxd5 cxd5 20. Rc1 0-0 21. c6 Nb6 22. c7 Nc8 23. Qa4 Qxd2 24. Bxc8 Qf4 25. Qc2 Rxc8 26. Qe2 Rxc7 27. Rxc7 Qxc7 28. Qd2 h6 29. Rc1 Qd7 30. Qc2 Bg6 31. Qc7 Qb5 32. Qxa7 Qe2 33. Qg1 1-0